Dels impressionistes a l'Op Art : la pintura contemporània / Anna Riera, Isabel Saludes la pintura contemporània / Anna Riera, Isabel Saludes
Publicado:
Barcelona :
Editorial Graó de Serveis Pedagògics : Servei d' Ensenyament de la Diputació de Barcelona ,
1987
Descripción Física:
61 p. : il. ; 20 x 21 cm
Colección:
Biblioteca de la classe ; 23
Otros Autores:
Saludes, Isabel
Materias:
Pintura moderna -- S. XX
MARC
| LEADER | 00000nam a2200000Ia 4500 | ||
|---|---|---|---|
| 001 | 6114 | ||
| 008 | 160829s1987 xx 000 0 cat d | ||
| 080 | |a B-1-223 | ||
| 100 | |a Riera, Anna |9 19937 | ||
| 245 | |a Dels impressionistes a l'Op Art : |b la pintura contemporània / Anna Riera, Isabel Saludes | ||
| 260 | |a Barcelona : |b Editorial Graó de Serveis Pedagògics : |b Servei d' Ensenyament de la Diputació de Barcelona, |c 1987 | ||
| 300 | |a 61 p. : |b il. ; |c 20 x 21 cm | ||
| 490 | |a Biblioteca de la classe ; 23 | ||
| 650 | |a Pintura moderna |x S. XX |9 19938 | ||
| 700 | |a Saludes, Isabel |9 19939 | ||
| 710 | 1 | |a Barcelona (Catalunya : Província). |b Servei d'Ensenyament |9 54959 | |
| 901 | |a Arxiu | ||
| 942 | |n 1 | ||
| 952 | |0 0 |1 0 |4 0 |6 B1223 |7 1 |9 41379 |a Arxiu |b Arxiu |d 2016-12-01 |l 0 |o B-1-223 |p 6114 |r 2016-12-01 00:00:00 |w 2016-12-01 |y ARXIU | ||
| 999 | |c 43186 |d 43186 | ||